LEADER 00953nam0-2200325 --450 001 9910249451403321 005 20180119180028.0 010 $a88-7228-286-1 020 $aIT$b2001-9273 100 $a20180119d2001----kmuy0itay5050 ba 101 0 $aita 102 $aIT 105 $a 001yy 200 1 $aLa ceramica comune$fBarbara Gori, Tiziana Pierini 210 $aBari$cEdipuglia$d2001 215 $av.$d30 cm 225 1 $aG$eGravisca$v12 307 $a1.: 277 p., 58 p. di tav. : ill. 327 $a1: Ceramica comune di impasto$fBarbara Gori, Tiziana Pierini 610 0 $aCeramiche$aPorto Clementino $aSec. 7.-2. a. C. 676 $a738.309375 700 1$aGori,$bBarbara$0443241 701 1$aPierini,$bTiziana$0443242 801 0$aIT$bUNINA$gREICAT$2UNIMARC 901 $aBK 912 $a9910249451403321 952 $a738.309 GOR 1$fFLFBC 959 $aFLFBC 996 $aCeramica comune$986568 997 $aUNINA